Mitología Musical Chilota.
में बचाया:
| मुख्य लेखक: | |
|---|---|
| स्वरूप: | पुस्तक |
| प्रकाशित: |
Logan Lake, British Columbia, Canada:
M. Lorraine Boyd,
2020.
|
| संस्करण: | Edición bilingüe |
| विषय: | |
| टैग: |
टैग जोड़ें
कोई टैग नहीं, इस रिकॉर्ड को टैग करने वाले पहले व्यक्ति बनें!
|
MARC
| LEADER | 00000nam a22000007a 4500 | ||
|---|---|---|---|
| 003 | CL-VaPUC | ||
| 005 | 20230914084839.0 | ||
| 008 | 230717t2020 ||||| |||| 00| 0 eng d | ||
| 999 | |c 441382 |d 441380 | ||
| 020 | |a 978-0-9782095-1-3 | ||
| 040 | |c Pontificia Universidad Católica de Valparaíso | ||
| 082 | 0 | 4 | |2 22 |a 780.0398 BAH 2020 |
| 100 | 1 | |a Bahamondes Domínguez, Daniel Alejandro |e autor |9 883763 | |
| 245 | 1 | 0 | |a Mitología Musical Chilota. |
| 250 | |a Edición bilingüe | ||
| 260 | |a Logan Lake, British Columbia, Canada: |b M. Lorraine Boyd, |c 2020. | ||
| 300 | |a 88 páginas; ilustraciones. | ||
| 500 | |a c.1 Donación autor Daniel Bahamondes Domínguez, Memo MUS 11/07/2023. | ||
| 583 | |c 20230717 |k Catalogador Asistente | ||
| 650 | 1 | |a Música para piano |9 306528 | |
| 650 | 1 | |a Mitología chilota |9 460929 | |
| 650 | 1 | |a Música y mitología |9 883809 | |
| 942 | |2 ddc |c BK | ||
| 952 | |0 0 |1 0 |2 ddc |4 0 |6 780_039800000000000_BAH_2020 |7 0 |8 A |9 590891 |a BIBEDU |b BIBEDU |c GEN |d 2023-07-17 |e Donación |i 5658088 |o 780.0398 BAH 2020 |p 5658088 |r 2023-07-17 |t 1 |w 2023-07-17 |y BK |k MUS | ||